Match-3 Tutorial #3 - Statistics

General Stats
  • This quiz has been taken 29 times
  • The average score is 10 of 32
Answers on the Grid
Answers color-coded by a green-red scale on the quiz's grid according to % correct below.
πŸŸ₯
πŸŸ₯
πŸŸͺ
🟩
πŸŸͺ
πŸŸ₯
πŸŸͺ
🟦
🟩
🟨
πŸŸͺ
πŸŸ₯
πŸŸ₯
🟦
🟩
πŸŸ₯
πŸŸͺ
🟨
🟨
πŸŸ₯
🟨
🟩
🟦
🟩
πŸŸͺ
πŸŸͺ
🟦
πŸŸ₯
🟦
πŸŸ₯
πŸŸ₯
πŸŸͺ
πŸŸͺ
πŸŸ₯
πŸŸͺ
🟩
🟦
🟦
🟩
πŸŸ₯
🟩
🟨
πŸŸͺ
πŸŸͺ
πŸŸ₯
 
Answer Stats
Answer % Correct
πŸŸ₯
71%
πŸŸͺ
65%
🟦
53%
🟩
53%
πŸŸ₯
53%
πŸŸ₯
47%
πŸŸ₯
47%
πŸŸͺ
47%
πŸŸ₯
41%
πŸŸͺ
41%
πŸŸ₯
41%
πŸŸ₯
41%
πŸŸ₯
35%
πŸŸ₯
35%
πŸŸ₯
35%
πŸŸ₯
35%
🟩
29%
πŸŸͺ
29%
🟩
29%
πŸŸͺ
29%
🟦
29%
πŸŸ₯
29%
🟦
24%
πŸŸͺ
24%
πŸŸͺ
24%
🟦
18%
πŸŸ₯
12%
🟦
6%
🟨
6%
πŸŸͺ
6%
πŸŸͺ
0%
🟨
0%
No matching quizzes found
Score Distribution
Percent of People with Each Score
Percentile by Number Answered
Your Score History
You have not taken this quiz